000 00557nam a22001577a 4500
005 20231106085320.0
008 231106b |||||||| |||| 00| 0 eng d
041 _aEnglish
082 _a346.6 BRI
100 _aBritzuis, O
_lEnglish
245 _aStatutory Duties of Directors of Limited Companies :
_bUnder the Companies Act, No 46 of 1926, as Amended /
_cO Britzius
260 _aCape Town :
_bJuta and Company Limited,
_c1954
300 _bviii, 78 pages ;
_c23 cm.
650 _aLegal practice
_bLaw
942 _cBK
_6ALISON_BN_VRIES
999 _c297
_d297